| 000 | 00609nam a22002297a 4500 | ||
|---|---|---|---|
| 001 | 14428 | ||
| 003 | BD-JhCC | ||
| 005 | 20251111110619.0 | ||
| 008 | 251111b |||||||| |||| 00| 0 eng d | ||
| 020 | _a9780141397504 | ||
| 035 | _a(BD-JhCC) 14428 | ||
| 040 |
_aBD-JhCC _dBD-JhCC |
||
| 041 | _aeng | ||
| 082 |
_223 _a843.008032 _bFLA |
||
| 100 | _aFlaubert,Gustave | ||
| 245 |
_aA simple heart / _cGustave Flaubert |
||
| 260 |
_aLondon: _bPenguin Classics, _c2015 |
||
| 300 |
_a55p.; _c17 cm. _ePaper |
||
| 490 |
_aPenguin little black classics _v45 |
||
| 650 | _aShort stories, French | ||
| 942 |
_2ddc _cBK |
||
| 999 |
_c14428 _d14428 |
||